[Event "RSA-ch (Women)"]
[Site "Cape Town"]
[Date "2024.03.30"]
[Round "7"]
[White "Laubscher, Anzel"]
[Black "February, Jesse Nikki"]
[Result "1/2-1/2"]
[WhiteElo "1820"]
[BlackElo "1920"]
[PlyCount "64"]
[EventDate "2024.03.25"]
[EventType "tourn"]
[EventRounds "11"]
[EventCountry "RSA"]
[SourceTitle "CB14_2024"]
[SourceDate "2024.04.01"]
[SourceVersion "1"]
[SourceVersionDate "2024.04.01"]
[SourceQuality "1"]

1. e4 e6 2. d3 c5 3. Nf3 Nc6 4. g3 Nge7 5. Bg2 g6 6. 0-0 Bg7 7. Re1 d6 8. c3 e5 9. Nbd2 0-0 10. a3 h6 11. Nh4 Be6 12. Nf1 d5 13. Qc2 Qb6 14. Rb1 dxe4 15. dxe4 Ba2 16. Ra1 Bb3 17. Qe2 Rfd8 18. Be3 Na5 19. Nd2 Rd6 20. Nxb3 Nxb3 21. Rad1 Rad8 22. Rxd6 Qxd6 23. Qc4 Qb6 24. Qe2 Qd6 25. Qc4 Qb6 26. Qe2 Qd6 27. Qc4 Qb6 28. f4 exf4 29. gxf4 Qf6 30. Nf3 Na5 31. Qxc5 Nb3 32. Qc4 Qb6 1/2-1/2

[Event "RSA-ch (Women)"]
[Site "Cape Town"]
[Date "2024.03.28"]
[Round "4"]
[White "February, Jesse Nikki"]
[Black "Klaasen, Robyn Julian"]
[Result "1-0"]
[WhiteElo "1920"]
[BlackElo "1746"]
[PlyCount "65"]
[EventDate "2024.03.25"]
[EventType "tourn"]
[EventRounds "11"]
[EventCountry "RSA"]
[SourceTitle "CB14_2024"]
[SourceDate "2024.04.01"]
[SourceVersion "1"]
[SourceVersionDate "2024.04.01"]
[SourceQuality "1"]

1. d4 d5 2. Nc3 e6 3. Bf4 a6 4. e3 Nf6 5. Bd3 Nbd7 6. g4 h6 7. Qf3 c5 8. 0-0-0 c4 9. Bf1 Qa5 10. Qg3 b5 11. Bc7 Nb6 12. Bg2 b4 13. Nb1 c3 14. bxc3 bxc3 15. Rd3 Qxa2 16. Nxc3 Ba3+ 17. Kd1 Qa1+ 18. Ke2 Qb2 19. e4 Nc4 20. Kf1 Qxc2 21. Nge2 Nd2+ 22. Rxd2 Qxd2 23. exd5 Qb2 24. Bf3 exd5 25. Nxd5 Nxd5 26. Bxd5 Ra7 27. Qe5+ Be7 28. Qxg7 Qb1+ 29. Kg2 Qh7 30. Qe5 Bb7 31. Nf4 Bxd5+ 32. Nxd5 f6 33. Nxf6+ 1-0

[Event "Swiss Queens Wed #3"]
[Site "FIDE Online Arena INT"]
[Date "2024.02.14"]
[Round "2"]
[White "Travkina, Anastasia"]
[Black "February, Jesse Nikki"]
[Result "0-1"]
[WhiteElo "2202"]
[BlackElo "1866"]
[PlyCount "44"]
[EventDate "2024.02.14"]
[EventType "swiss (blitz)"]
[EventRounds "11"]
[EventCountry "NET"]
[SourceTitle "CB08_2024"]
[SourceDate "2024.02.21"]
[SourceVersion "1"]
[SourceVersionDate "2024.02.21"]
[SourceQuality "1"]

1. e4 e6 2. d4 d5 3. Nc3 Nf6 4. Bg5 Be7 5. e5 Nfd7 6. h4 h6 7. Qh5 Rg8 8. Be3 a6 9. Bd3 c5 10. Nxd5 exd5 11. e6 Ne5 12. Qxe5 Bxe6 13. dxc5 Nc6 14. Qh5 Qa5+ 15. c3 Bxc5 16. b4 Bxb4 17. cxb4 Nxb4 18. Ke2 Nxd3 19. Kxd3 Qa3+ 20. Kc2 Qa4+ 21. Kd2 Qb4+ 22. Kd1 Bg4+ 0-1

[Event "Titled Tuesday intern op 16th Jan Early"]
[Site "Chess.com INT"]
[Date "2024.01.16"]
[Round "3"]
[White "Yaniuk, Volodymyr"]
[Black "February, Jesse Nikki"]
[Result "1/2-1/2"]
[WhiteElo "2223"]
[BlackElo "1866"]
[PlyCount "125"]
[EventDate "2024.01.16"]
[EventType "swiss (blitz)"]
[EventRounds "11"]
[EventCountry "USA"]
[SourceTitle "CB04_2024"]
[SourceDate "2023.10.16"]
[SourceVersion "1"]
[SourceVersionDate "2023.10.16"]
[SourceQuality "1"]

1. d4 Nf6 2. c4 e6 3. g3 d5 4. Bg2 Be7 5. Nf3 0-0 6. Nc3 dxc4 7. Ne5 Nc6 8. Bxc6 bxc6 9. Nxc6 Qd7 10. Nxe7+ Qxe7 11. Qa4 Bb7 12. f3 c5 13. Be3 Nd5 14. Bf2 cxd4 15. Nxd5 exd5 16. Bxd4 Rfe8 17. Qc2 Bc8 18. h4 Bf5 19. Qd2 Bd3 20. Rh2 Qc7 21. Rg2 Re6 22. Kf1 Bg6 23. Re1 Rae8 24. Bc3 h5 25. g4 hxg4 26. Rxg4 Qh2 27. Qd4 Qh3+ 28. Kf2 Qh2+ 29. Rg2 Rxe2+ 30. Rxe2 Rxe2+ 31. Kxe2 Qxg2+ 32. Ke3 Bd3 33. Qg4 Qe2+ 34. Kd4 f6 35. Kxd5 Qe7 36. Qe6+ Qxe6+ 37. Kxe6 Kh7 38. f4 Kh6 39. Kf7 g5 40. hxg5+ fxg5 41. fxg5+ Kxg5 42. Ke6 Kf4 43. a4 Ke4 44. a5 Kf4 45. a6 Be4 46. Kd6 Bf5 47. Kc5 Be6 48. Kb5 Ke3 49. Be5 Kd3 50. Ka5 Bc8 51. Bf6 Kc2 52. Bd4 Kb3 53. Bxa7 Bxa6 54. Bd4 Bc8 55. Bc3 Be6 56. Kb6 Bg8 57. Kc5 Bf7 58. Kd4 Bg8 59. Ke3 Bf7 60. Kd2 Bg8 61. Ke3 Bf7 62. Kd2 Bg8 63. Ke3 1/2-1/2

[Event "Gaborone Masaiti (Women)"]
[Site "Gaborone"]
[Date "2023.12.23"]
[Round "9"]
[White "February, Jesse Nikki"]
[Black "Kubicka, Anna"]
[Result "0-1"]
[WhiteElo "1841"]
[BlackElo "2284"]
[PlyCount "96"]
[EventDate "2023.12.18"]
[EventType "tourn"]
[EventRounds "9"]
[EventCountry "BOT"]
[SourceTitle "CB52_2023"]
[SourceDate "2023.12.27"]
[SourceVersion "1"]
[SourceVersionDate "2023.12.27"]
[SourceQuality "1"]

1. e4 c5 2. Nf3 d6 3. d4 cxd4 4. Nxd4 Nf6 5. Nc3 a6 6. h3 e5 7. Nde2 b5 8. Nd5 Nxd5 9. Qxd5 Ra7 10. Be3 Be6 11. Qd2 Rb7 12. Nc3 Nd7 13. a4 b4 14. Nd5 Qa5 15. Bc4 Be7 16. Nxe7 Kxe7 17. Bxe6 fxe6 18. Bg5+ Nf6 19. Bxf6+ gxf6 20. Qh6 Rf8 21. 0-0 Rc7 22. Rfd1 Rf7 23. Rd2 Rd7 24. b3 Qc5 25. Rad1 a5 26. Kh1 Qc3 27. Kh2 Qc5 28. g4 Qc3 29. Kg2 Qc6 30. f3 Qc3 31. Kg3 Qc5 32. h4 d5 33. exd5 exd5 34. Re2 Kd8 35. g5 Qd6 36. Kf2 e4 37. g6 hxg6 38. fxe4 Qh2+ 39. Kf1 Qh1+ 40. Kf2 Qxd1 41. Rd2 Qh1 42. Qf4 g5 43. Qb8+ Ke7 44. exd5 Qxh4+ 45. Ke2 Rf8 46. Qb5 Re8 47. Kd3 Qg3+ 48. Kd4 Qc3+ 0-1

[Event "Titled Tuesday intern op 05th Sep Late"]
[Site "Chess.com INT"]
[Date "2023.09.05"]
[Round "3"]
[White "February, Jesse Nikki"]
[Black "Sultanbek, Zeinep"]
[Result "0-1"]
[WhiteElo "1832"]
[BlackElo "2022"]
[PlyCount "52"]
[EventDate "2023.09.05"]
[EventType "swiss (blitz)"]
[EventRounds "11"]
[EventCountry "USA"]
[SourceTitle "EXT 2024"]
[Source "ChessBase"]
[SourceDate "2023.10.10"]
[SourceVersion "1"]
[SourceVersionDate "2023.10.10"]
[SourceQuality "1"]

1. e4 c5 2. Nf3 d6 3. d4 cxd4 4. Nxd4 Nf6 5. Nc3 g6 6. Be2 Bg7 7. Be3 0-0 8. 0-0 Nc6 9. Nb3 Bd7 10. f4 Rc8 11. Qd2 a6 12. a4 Be6 13. f5 Bxb3 14. cxb3 Ne5 15. Bh6 Qb6+ 16. Kh1 Qxb3 17. Bxg7 Kxg7 18. fxg6 fxg6 19. Ra3 Qb4 20. Bf3 Nxf3 21. gxf3 Rf7 22. Rg1 Rcf8 23. Raa1 Nh5 24. Qg5 Nf4 25. Rab1 Qc5 26. Rgf1 Qxg5 0-1

[Event "Titled Tuesday intern op 05th Sep Late"]
[Site "Chess.com INT"]
[Date "2023.09.05"]
[Round "1"]
[White "February, Jesse Nikki"]
[Black "Tifferet, Shaked"]
[Result "0-1"]
[WhiteElo "1832"]
[BlackElo "2280"]
[PlyCount "114"]
[EventDate "2023.09.05"]
[EventType "swiss (blitz)"]
[EventRounds "11"]
[EventCountry "USA"]
[SourceTitle "EXT 2024"]
[Source "ChessBase"]
[SourceDate "2023.10.10"]
[SourceVersion "1"]
[SourceVersionDate "2023.10.10"]
[SourceQuality "1"]

1. d4 g6 2. Nf3 Bg7 3. Bf4 Nf6 4. Nbd2 b6 5. e4 Bb7 6. Bd3 d5 7. e5 Ne4 8. Qe2 Nxd2 9. Qxd2 c5 10. c3 Nc6 11. 0-0 0-0 12. Bh6 Rc8 13. Bxg7 Kxg7 14. Rfe1 e6 15. h4 h5 16. Rac1 Qe7 17. Bb1 Na5 18. Qf4 Rc7 19. dxc5 bxc5 20. g4 hxg4 21. Qxg4 Rh8 22. Ng5 Bc8 23. Re3 Nc6 24. Rce1 Rb7 25. Rf3 Nd8 26. Nxf7 Nxf7 27. Bxg6 Rxh4 28. Qg3 Qg5 29. Rxf7+ Kxg6 30. Rf6+ Kh5 31. Qxg5+ Kxg5 32. Kg2 Rxb2 33. Kf3 Rh3+ 34. Kg2 Rh4 35. Kf3 Rh3+ 36. Kg2 Rxc3 37. Rh1 d4 38. Rhh6 Bb7+ 39. Kh2 Rxf2+ 40. Rxf2 Kxh6 41. Rf6+ Kg5 42. Rxe6 Kf5 43. Re7 Bd5 44. Re8 Rc2+ 45. Kg3 d3 46. e6 Rg2+ 47. Kh3 Re2 48. e7 Ke6 49. Rh8 Kxe7 50. Rh5 Be6+ 51. Kh4 d2 52. Kg3 Re4 53. Rxc5 Rd4 54. Kf3 d1Q+ 55. Kg3 Qd3+ 56. Kh2 Qe2+ 57. Kg1 Rd1# 0-1

[Event "World-chT Rapid"]
[Site "Dusseldorf"]
[Date "2023.08.26"]
[Round "2.11"]
[White "February, Jesse Nikki"]
[Black "Ahn, Maximilian"]
[Result "1-0"]
[WhiteElo "1849"]
[BlackElo "1690"]
[PlyCount "83"]
[EventDate "2023.08.26"]
[EventType "team-swiss (rapid)"]
[EventRounds "12"]
[EventCountry "GER"]
[SourceTitle "CBM 215 Extra"]
[Source "ChessBase"]
[SourceDate "2023.09.30"]
[SourceVersion "1"]
[SourceVersionDate "2023.09.30"]
[SourceQuality "1"]
[WhiteTeam "Africa"]
[BlackTeam "Aachen"]
[BlackTeamCountry "GER"]

1. d4 Nf6 2. Nf3 g6 3. Bg5 Bg7 4. Nbd2 d5 5. e3 0-0 6. Bd3 c5 7. c3 Nbd7 8. Qe2 Re8 9. 0-0 h6 10. Bh4 e5 11. dxe5 Nxe5 12. Nxe5 Rxe5 13. Nf3 Re8 14. Rad1 Qc7 15. Bg3 Qb6 16. Bb5 Rd8 17. h3 Ne4 18. Be5 Be6 19. Bxg7 Kxg7 20. a3 c4 21. Ba4 Nc5 22. Bc2 Qxb2 23. Qd2 Qb6 24. Qd4+ Kg8 25. Qf4 Qd6 26. Qxh6 Qf8 27. Qh4 Rac8 28. Ng5 Qg7 29. Rd4 f6 30. Nxe6 Nxe6 31. Rg4 g5 32. Qg3 Kf7 33. Bf5 Rc6 34. Rb1 b6 35. h4 Rh8 36. Bxe6+ Kxe6 37. e4 Qd7 38. hxg5 fxg5 39. Rxg5 dxe4 40. Qe5+ Kf7 41. Rg7+ Kf8 42. Rxd7 1-0

[Event "World-chT Rapid"]
[Site "Dusseldorf"]
[Date "2023.08.26"]
[Round "1.17"]
[White "Nechitailo, Lev"]
[Black "February, Jesse Nikki"]
[Result "1-0"]
[WhiteElo "1462"]
[BlackElo "1849"]
[PlyCount "146"]
[EventDate "2023.08.26"]
[EventType "team-swiss (rapid)"]
[EventRounds "12"]
[EventCountry "GER"]
[SourceTitle "CBM 215 Extra"]
[Source "ChessBase"]
[SourceDate "2023.09.30"]
[SourceVersion "1"]
[SourceVersionDate "2023.09.30"]
[SourceQuality "1"]
[WhiteTeam "Chess Wizzards"]
[BlackTeam "Africa"]
[WhiteTeamCountry "UKR"]

1. e4 e6 2. Nf3 d5 3. exd5 exd5 4. d4 Bd6 5. Nc3 Ne7 6. Be2 Bg4 7. Be3 Nbc6 8. Qd2 Qd7 9. h3 Bh5 10. Bf4 Bxf4 11. Qxf4 Nb4 12. Qd2 Bg6 13. Ne5 Nxc2+ 14. Kf1 Qe6 15. Nxg6 fxg6 16. Qxc2 0-0 17. Bf3 c6 18. Re1 Qf6 19. Qe2 Nf5 20. Qe6+ Qxe6 21. Rxe6 Nxd4 22. Re3 Nf5 23. Re2 d4 24. Nb1 Nh4 25. Be4 Rad8 26. Bd3 Rd7 27. Na3 c5 28. b3 a6 29. Nc4 b5 30. Nd2 h5 31. g3 Nf5 32. Bxf5 Rxf5 33. g4 Rf4 34. gxh5 gxh5 35. Re4 Rxe4 36. Nxe4 c4 37. Ke2 Re7 38. Kf3 d3 39. Rd1 Kf7 40. Nc3 Rd7 41. Ke3 Ke6 42. f4 b4 43. Na4 Kf5 44. bxc4 Re7+ 45. Kxd3 Kxf4 46. Rg1 Re3+ 47. Kd4 Re4+ 48. Kd5 Re5+ 49. Kd6 Ra5 50. Nb6 g5 51. c5 Rxa2 52. c6 Rd2+ 53. Ke7 Re2+ 54. Kd7 Rd2+ 55. Ke7 Re2+ 56. Kd6 Rd2+ 57. Nd5+ Ke4 58. Re1+ Kd4 59. c7 Rc2 60. Rd1+ Ke4 61. Kd7 b3 62. c8Q Rxc8 63. Kxc8 g4 64. hxg4 hxg4 65. Nf6+ Kf5 66. Nh5 a5 67. Ra1 g3 68. Nxg3+ Kf4 69. Ne2+ Ke3 70. Rxa5 Kxe2 71. Rb5 Kd2 72. Rxb3 Kc2 73. Rh3 Kd2 1-0

[Event "Africa-ch (Women)"]
[Site "Giza"]
[Date "2023.05.12"]
[Round "8"]
[White "Wafa, Shahenda"]
[Black "February, Jesse Nikki"]
[Result "1-0"]
[WhiteElo "2101"]
[BlackElo "1835"]
[PlyCount "119"]
[EventDate "2023.05.06"]
[EventType "swiss"]
[EventRounds "9"]
[EventCountry "EGY"]
[SourceTitle "CBM 214 Extra"]
[Source "ChessBase"]
[SourceDate "2023.07.31"]
[SourceVersion "1"]
[SourceVersionDate "2023.07.31"]
[SourceQuality "1"]

1. e4 e6 2. d4 d5 3. e5 c5 4. c3 Ne7 5. Na3 Nec6 6. Nc2 b6 7. f4 Ba6 8. Bxa6 Nxa6 9. Nf3 b5 10. 0-0 Qb6 11. Ng5 h6 12. Nf3 Be7 13. f5 0-0-0 14. fxe6 fxe6 15. Be3 g5 16. a4 b4 17. cxb4 cxb4 18. Qd3 Na5 19. Nd2 Rd7 20. Rf7 b3 21. Na3 Bxa3 22. Rxd7 Kxd7 23. Rxa3 Nb4 24. Qb5+ Ke7 25. Nxb3 Nc4 26. Qxb6 axb6 27. Bd2 Nc2 28. Ra2 Rf8 29. h3 Nxd2 30. Nxd2 Nxd4 31. b4 Nc6 32. Nf3 Rf4 33. b5 Na5 34. Kf2 Nc4 35. Ke2 Re4+ 36. Kd3 Kd7 37. Kc3 Kc7 38. Rf2 Ne3 39. Kb3 Nxg2 40. Nxg5 hxg5 41. Rxg2 Rxe5 42. Rg4 Kd6 43. Rg3 Rf5 44. Rc3 d4 45. Rc6+ Kd5 46. Rxb6 Rf3+ 47. Kb4 e5 48. Rb8 d3 49. Rd8+ Ke4 50. a5 Ke3 51. Kc3 Ke2 52. a6 e4 53. a7 d2+ 54. Kc4 Ra3 55. b6 Rd3 56. a8Q d1Q 57. Qxe4+ Kf2 58. Qxd3 Qa4+ 59. Kc5 Qa5+ 60. Kc6 1-0

[Event "Sharjah Cup (Women) 12th"]
[Site "Sharjah"]
[Date "2022.12.13"]
[Round "6"]
[White "Almusawi, Maram"]
[Black "February, Jesse Nikki"]
[Result "0-1"]
[WhiteElo "1266"]
[BlackElo "1853"]
[PlyCount "64"]
[EventDate "2022.12.09"]
[EventType "swiss"]
[EventRounds "9"]
[EventCountry "UAE"]
[SourceTitle "CBM 211 Extra"]
[Source "ChessBase"]
[SourceDate "2023.01.31"]
[SourceVersion "1"]
[SourceVersionDate "2023.01.31"]
[SourceQuality "1"]

1. d4 d5 2. Nf3 e6 3. e3 Nf6 4. Bd3 Bd6 5. Nbd2 b6 6. Qe2 Bb7 7. 0-0 Ne4 8. b3 Nd7 9. Bb2 0-0 10. c4 a5 11. Ne5 f6 12. Nef3 Qe7 13. Rab1 a4 14. Rfd1 axb3 15. axb3 Ra2 16. Qf1 Rfa8 17. h3 Ba3 18. Bxa3 Qxa3 19. Rbc1 c5 20. Qe1 Qb4 21. Rc2 R2a7 22. Qf1 f5 23. Rb2 Ra2 24. Rc2 Rxc2 25. Bxc2 Ra2 26. Qd3 dxc4 27. Nxc4 Bd5 28. Nfe5 b5 29. Nd2 Nxe5 30. dxe5 c4 31. bxc4 bxc4 32. Nxc4 Qxc4 0-1

[Event "Sharjah Cup (Women) 12th"]
[Site "Sharjah"]
[Date "2022.12.09"]
[Round "1"]
[White "February, Jesse Nikki"]
[Black "Khezrian, Neda"]
[Result "1-0"]
[WhiteElo "1853"]
[BlackElo "1040"]
[PlyCount "91"]
[EventDate "2022.12.09"]
[EventType "swiss"]
[EventRounds "9"]
[EventCountry "UAE"]
[SourceTitle "CBM 211 Extra"]
[Source "ChessBase"]
[SourceDate "2023.01.31"]
[SourceVersion "1"]
[SourceVersionDate "2023.01.31"]
[SourceQuality "1"]

1. e4 e5 2. Nf3 Nc6 3. d4 exd4 4. Bc4 Nf6 5. e5 d5 6. Bb5 Ne4 7. Nxd4 Bd7 8. Nxc6 Bxc6 9. Bxc6+ bxc6 10. 0-0 Bc5 11. Nd2 Nxd2 12. Bxd2 0-0 13. Qg4 Re8 14. Rae1 Re6 15. Kh1 Rg6 16. Qh3 Qc8 17. Qxc8+ Rxc8 18. f4 Re8 19. h3 Rge6 20. g4 Rb8 21. b3 d4 22. f5 Re7 23. Bg5 Ree8 24. Kg2 Rb5 25. Bf4 Bb6 26. Re4 Rd5 27. Rfe1 Kf8 28. h4 d3 29. cxd3 Rxd3 30. e6 fxe6 31. Rxe6 Rxe6 32. Rxe6 c5 33. g5 Rd4 34. Kf3 Rd5 35. f6 gxf6 36. Rxf6+ Kg7 37. h5 Rd3+ 38. Ke4 Rh3 39. h6+ Kg8 40. Kf5 Rd3 41. g6 hxg6+ 42. Kxg6 Rd7 43. Re6 Rf7 44. Re8+ Rf8 45. h7+ Kh8 46. Rxf8# 1-0

[Event "Titled Tuesday intern op 20th Sep Early"]
[Site "Chess.com INT"]
[Date "2022.09.20"]
[Round "8"]
[White "February, Jesse Nikki"]
[Black "Clawitter, Craig"]
[Result "0-1"]
[WhiteElo "1853"]
[BlackElo "2050"]
[PlyCount "38"]
[EventDate "2022.09.20"]
[EventType "swiss (blitz)"]
[EventRounds "11"]
[EventCountry "USA"]
[SourceTitle "EXT 2023"]
[Source "ChessBase"]
[SourceDate "2022.10.05"]
[SourceVersion "1"]
[SourceVersionDate "2022.10.05"]
[SourceQuality "1"]

1. e4 e6 2. d4 d5 3. exd5 exd5 4. Bd3 Bd6 5. Nc3 c6 6. Nge2 Nf6 7. Bg5 0-0 8. Qd2 Nbd7 9. f3 b5 10. 0-0 Re8 11. Ng3 Nf8 12. Nce2 Ne6 13. Nh5 Nxg5 14. Qxg5 Nxh5 15. Qxh5 g6 16. Qh6 Qf6 17. Rae1 Bd7 18. Ng3 Bf4 19. Nh5 Qxd4+ 0-1

[Event "Titled Tuesday intern op 20th Sep Early"]
[Site "Chess.com INT"]
[Date "2022.09.20"]
[Round "2"]
[White "February, Jesse Nikki"]
[Black "Ramirez, Vido Robert"]
[Result "1-0"]
[WhiteElo "1853"]
[BlackElo "2090"]
[PlyCount "79"]
[EventDate "2022.09.20"]
[EventType "swiss (blitz)"]
[EventRounds "11"]
[EventCountry "USA"]
[SourceTitle "EXT 2023"]
[Source "ChessBase"]
[SourceDate "2022.10.05"]
[SourceVersion "1"]
[SourceVersionDate "2022.10.05"]
[SourceQuality "1"]

1. e4 d6 2. d4 Nf6 3. Nc3 g6 4. Nf3 Bg7 5. Be2 0-0 6. Be3 c6 7. h3 Nbd7 8. 0-0 e5 9. Qd2 Qc7 10. Rad1 Re8 11. dxe5 dxe5 12. a3 Nf8 13. Qd6 Qxd6 14. Rxd6 Ne6 15. Rfd1 Nf4 16. Bxf4 exf4 17. e5 Nh5 18. Rd8 Bf5 19. Rxa8 Rxa8 20. Nd4 Bd7 21. Bxh5 gxh5 22. Nf3 Bf5 23. Ne2 Bxc2 24. Rd2 Be4 25. Nxf4 Bxf3 26. gxf3 Bxe5 27. Nxh5 Kf8 28. Rd7 Bxb2 29. Rxb7 Bxa3 30. Nf6 a5 31. Nxh7+ Kg7 32. Ng5 a4 33. Nxf7 Kf6 34. Nh6 c5 35. Ng4+ Kg5 36. Kg2 Bb4 37. Rb6 a3 38. Kg3 a2 39. h4+ Kf5 40. Rf6# 1-0

[Event "Titled Tuesday intern op 13th Sep Early"]
[Site "Chess.com INT"]
[Date "2022.09.13"]
[Round "2"]
[White "February, Jesse Nikki"]
[Black "Runets, Ivan"]
[Result "1-0"]
[WhiteElo "1853"]
[BlackElo "2176"]
[PlyCount "91"]
[EventDate "2022.09.13"]
[EventType "swiss (blitz)"]
[EventRounds "11"]
[EventCountry "USA"]
[SourceTitle "EXT 2023"]
[Source "ChessBase"]
[SourceDate "2022.10.05"]
[SourceVersion "1"]
[SourceVersionDate "2022.10.05"]
[SourceQuality "1"]

1. e4 e5 2. Nf3 Nc6 3. d4 exd4 4. Bc4 Nf6 5. 0-0 d6 6. Nxd4 Be7 7. Nc3 0-0 8. Bg5 Ne5 9. Be2 a6 10. a4 c5 11. Nf3 Nxf3+ 12. Bxf3 Be6 13. Qd2 h6 14. Bh4 Nxe4 15. Nxe4 Bxh4 16. Qxd6 Be7 17. Qxd8 Raxd8 18. Rfd1 b6 19. a5 b5 20. Rxd8 Rxd8 21. Rd1 Rxd1+ 22. Bxd1 f5 23. Nc3 Bd8 24. Bf3 Bxa5 25. Bb7 b4 26. Na4 Bc7 27. Nxc5 Bc4 28. Bxa6 Bxa6 29. Nxa6 Bd6 30. Kf1 Kf7 31. Ke2 Ke6 32. Kd3 Kd5 33. c3 bxc3 34. bxc3 Bxh2 35. g3 f4 36. g4 g6 37. Nb4+ Kc5 38. Nc2 h5 39. gxh5 gxh5 40. Ne1 Kd5 41. Nf3 Bg3 42. fxg3 fxg3 43. c4+ Kc5 44. Nh4 Kd6 45. Kd4 Ke6 46. Kc5 1-0

[Event "Titled Tuesday intern op 13th Sep Early"]
[Site "Chess.com INT"]
[Date "2022.09.13"]
[Round "4"]
[White "Huber, Benedikt"]
[Black "February, Jesse Nikki"]
[Result "1-0"]
[WhiteElo "2299"]
[BlackElo "1853"]
[PlyCount "71"]
[EventDate "2022.09.13"]
[EventType "swiss (blitz)"]
[EventRounds "11"]
[EventCountry "USA"]
[SourceTitle "EXT 2023"]
[Source "ChessBase"]
[SourceDate "2022.10.05"]
[SourceVersion "1"]
[SourceVersionDate "2022.10.05"]
[SourceQuality "1"]

1. d4 Nf6 2. Nc3 e6 3. Bf4 d5 4. Nb5 Bd6 5. Nxd6+ cxd6 6. e3 Qc7 7. Nf3 Nc6 8. c3 0-0 9. Be2 e5 10. Bg3 Bf5 11. 0-0 Rfe8 12. h3 Rad8 13. Qb3 Ne4 14. Bh2 Nf6 15. Rfd1 e4 16. Nd2 Qd7 17. c4 dxc4 18. Nxc4 d5 19. Ne5 Qe7 20. Rac1 Nxe5 21. dxe5 Nd7 22. Qxd5 Nb6 23. Qb5 Rxd1+ 24. Rxd1 Rd8 25. Rd4 Qc7 26. Bf1 g6 27. e6 Qe7 28. exf7+ Kxf7 29. Bc4+ Kf8 30. Rxd8+ Qxd8 31. Qc5+ Kg7 32. Qe5+ Kh6 33. Bf4+ Kh5 34. g4+ Kh4 35. Kh2 Qd2 36. Qf6+ 1-0

[Event "Olympiad Women-44"]
[Site "Chennai"]
[Date "2022.08.08"]
[Round "10.1"]
[White "Kaslan, Catherine"]
[Black "February, Jesse Nikki"]
[Result "1-0"]
[WhiteElo "1872"]
[BlackElo "1872"]
[PlyCount "47"]
[EventDate "2022.07.29"]
[EventType "team-swiss"]
[EventRounds "11"]
[EventCountry "IND"]
[SourceTitle "CBM 210"]
[Source "ChessBase"]
[SourceDate "2022.10.31"]
[SourceVersion "1"]
[SourceVersionDate "2022.10.31"]
[SourceQuality "1"]
[WhiteTeam "Surinam (W)"]
[BlackTeam "South Africa (W)"]
[WhiteTeamCountry "SUR"]
[BlackTeamCountry "RSA"]

1. e4 e6 2. d4 d5 3. Nd2 dxe4 4. Nxe4 Bd7 5. c3 Bc6 6. Ng3 Nd7 7. Nf3 Ngf6 8. Be2 b6 9. 0-0 Bb7 10. Be3 Be7 11. Qa4 0-0 12. Rfd1 a6 13. Ne5 b5 14. Qc2 Nd5 15. Bf3 N7b6 16. b3 Nxe3 17. fxe3 Nd5 18. Bxd5 Qxd5 19. e4 Qd6 20. Nd3 Qb6 21. b4 Rfd8 22. Nc5 Bc8 23. e5 Bxc5 24. dxc5 1-0